00333nam a2200145Ia 4500008004100000020001500041082001400056100001400070245002500084250000800109260002700117300000700144500002400151650001200175230524s9999 xx 000 0 und d a8188429058 a4.15bGOP aT.V.Gopal 0aOpen Source Software a2ND aCHENNAIbScitechc2003 a62 aQuantity Number: 2 aComp-Sc